[Event "Hastings Masters"]
[Site "Hastings, England"]
[Date "2015.01.01"
[Round "4.11"]
[White "Talsma, Paul"]
[WhiteElo "2186"]
[Black "Arkell, Keith C"]
[BlackElo "2489"]
[Result "0-1"]

1. d4 {[%clk 1:40:57]} g6 {[%clk 1:32:20]} 2. e4 {[%clk 1:35:43]} Bg7
{[%clk 1:32:44]} 3. Ne2 {[%clk 1:32:20]} c5 {[%clk 1:32:30]} 4. d5
{[%clk 1:31:29]} b5 {[%clk 1:32:30]} 5. Ng3 {[%clk 1:25:04]} a6 {[%clk 1:32:26]}
6. Be2 {[%clk 1:22:56]} d6 {[%clk 1:32:23]} 7. h4 {[%clk 0:57:43]} h5
{[%clk 1:28:46]} 8. a4 {[%clk 0:47:03]} b4 {[%clk 1:29:10]} 9. Nd2
{[%clk 0:46:29]} Nd7 {[%clk 1:28:15]} 10. Nc4 {[%clk 0:45:52]} Ne5
{[%clk 1:27:14]} 11. Ne3 {[%clk 0:33:22]} Nh6 {[%clk 1:25:35]} 12. Nef1
{[%clk 0:21:14]} O-O 13. Bg5 {[%clk 0:21:34]} Qc7 {[%clk 1:14:58]} 14. Qc1
{[%clk 0:20:42]} Kh7 {[%clk 1:14:14]} 15. Bxh5 {[%clk 0:16:57]} gxh5
{[%clk 1:05:23]} 16. Nxh5 {[%clk 0:17:18]} Ng8 {[%clk 1:04:14]} 17. Nxg7
{[%clk 0:16:06]} Kxg7 {[%clk 1:04:31]} 18. Qe3 {[%clk 0:14:28]} f6
{[%clk 1:03:40]} 19. Bf4 {[%clk 0:14:42]} Rf7 {[%clk 1:01:08]} 20. h5
{[%clk 0:13:53]} Kh8 {[%clk 1:00:04]} 21. Bxe5 {[%clk 0:13:14]} fxe5
{[%clk 0:58:23]} 22. f3 e6 23. g4 {[%clk 0:11:21]} exd5 {[%clk 0:56:05]} 24. g5
{[%clk 0:11:24]} dxe4 {[%clk 0:54:24]} 25. fxe4 {[%clk 0:07:37]} Rf4
{[%clk 0:54:29]} 26. h6 {[%clk 0:06:40]} Ne7 {[%clk 0:48:05]} 27. Ng3
{[%clk 0:06:41]} Bg4 {[%clk 0:48:04]} 28. h7 {[%clk 0:05:40]} Nc6
{[%clk 0:44:15]} 29. Nh5 {[%clk 0:04:29]} Bxh5 {[%clk 0:40:56]} 30. Rxh5
{[%clk 0:04:58]} Qf7 {[%clk 0:41:11]} 0-1

[Event "Hastings Masters"]
[Site "Hastings, England"]
[Date "2015.01.01"
[Round "4.12"]
[White "Flear, Glenn C"]
[WhiteElo "2460"]
[Black "Flear, Christine"]
[BlackElo "2181"]
[Result "1/2-1/2"]

1. d4 {[%clk 1:40:13]} f5 {[%clk 1:40:15]} 2. g3 {[%clk 1:39:57]} g6
{[%clk 1:39:31]} 3. Bg2 {[%clk 1:40:01]} Bg7 {[%clk 1:39:52]} 4. Nf3
{[%clk 1:40:13]} Nf6 {[%clk 1:40:04]} 5. O-O {[%clk 1:40:22]} O-O
{[%clk 1:36:41]} 6. c4 {[%clk 1:40:41]} d6 {[%clk 1:36:37]} 7. Nc3
{[%clk 1:40:21]} Nc6 {[%clk 1:33:02]} 8. d5 {[%clk 1:39:38]} Ne5 {[%clk 1:27:05]}
9. Nxe5 {[%clk 1:39:21]} dxe5 {[%clk 1:26:19]} 10. Qb3 {[%clk 1:35:34]} Kh8
{[%clk 1:21:21]} 11. Rd1 {[%clk 1:28:58]} 1/2-1/2

[Event "Hastings Masters"]
[Site "Hastings, England"]
[Date "2015.01.01"
[Round "4.13"]
[White "Hackner, Oskar A"]
[WhiteElo "2145"]
[Black "Kjartansson, Gudmundur"]
[BlackElo "2451"]
[Result "0-1"]

1. d4 {[%clk 1:40:57]} d6 {[%clk 1:40:54]} 2. e4 {[%clk 1:41:11]} Nf6
{[%clk 1:41:17]} 3. f3 {[%clk 1:41:37]} d5 {[%clk 1:41:01]} 4. e5
{[%clk 1:36:07]} Nfd7 {[%clk 1:41:04]} 5. c4 {[%clk 1:34:18]} dxc4
{[%clk 1:40:12]} 6. Bxc4 {[%clk 1:32:45]} e6 {[%clk 1:40:35]} 7. f4
{[%clk 1:22:02]} c5 {[%clk 1:32:16]} 8. Nf3 {[%clk 1:17:13]} Nb6 {[%clk 1:24:12]}
9. Be2 {[%clk 1:16:12]} Bd7 {[%clk 1:12:36]} 10. Nc3 {[%clk 1:10:38]} Bc6
{[%clk 1:08:27]} 11. Be3 {[%clk 1:10:09]} cxd4 {[%clk 0:52:40]} 12. Qxd4
{[%clk 1:06:59]} Qxd4 {[%clk 0:52:21]} 13. Bxd4 {[%clk 1:07:23]} Nd5
{[%clk 0:41:39]} 14. Nxd5 {[%clk 1:03:46]} Bxd5 {[%clk 0:42:01]} 15. O-O
{[%clk 1:03:32]} Nc6 {[%clk 0:42:12]} 16. Bf2 {[%clk 1:00:34]} Be7
{[%clk 0:41:01]} 17. a3 {[%clk 0:57:22]} O-O-O {[%clk 0:38:29]} 18. Rac1
{[%clk 0:55:15]} Kb8 {[%clk 0:37:50]} 19. Bc5 {[%clk 0:48:57]} Bxc5+
{[%clk 0:33:24]} 20. Rxc5 {[%clk 0:48:28]} Rd7 {[%clk 0:33:08]} 21. Rd1
{[%clk 0:42:46]} Rhd8 {[%clk 0:32:30]} 22. Nd4 {[%clk 0:38:19]} Bxg2
{[%clk 0:30:42]} 23. Nxc6+ {[%clk 0:29:03]} Bxc6 {[%clk 0:30:20]} 24. Rxd7
{[%clk 0:28:01]} Rxd7 {[%clk 0:30:42]} 25. b4 {[%clk 0:20:35]} Rd4
{[%clk 0:26:32]} 26. Rc4 {[%clk 0:18:50]} Rd2 {[%clk 0:26:47]} 27. Bf1
{[%clk 0:18:58]} Bd5 {[%clk 0:23:20]} 28. Rc3 {[%clk 0:18:44]} Rd4
{[%clk 0:22:56]} 29. Rg3 {[%clk 0:18:24]} g6 {[%clk 0:23:19]} 30. Rg4
{[%clk 0:18:47]} h5 {[%clk 0:23:22]} 31. Rh4 {[%clk 0:19:01]} Bc4
{[%clk 0:20:35]} 32. Bg2 {[%clk 0:18:29]} Be2 {[%clk 0:18:07]} 33. Kf2
{[%clk 0:14:05]} Bg4 {[%clk 0:16:19]} 34. Ke3 {[%clk 0:13:49]} Rc4
{[%clk 0:16:35]} 35. Kd3 {[%clk 0:10:09]} Rxf4 {[%clk 0:16:41]} 36. Ke3
{[%clk 0:10:30]} g5 {[%clk 0:15:30]} 37. h3 {[%clk 0:10:46]} Rc4 {[%clk 0:15:34]}
38. hxg4 {[%clk 0:10:53]} gxh4 {[%clk 0:15:59]} 39. gxh5 {[%clk 0:11:15]} h3
{[%clk 0:15:57]} 40. Bf3 {[%clk 0:10:18]} h2 {[%clk 0:16:12]} 41. Kf2
{[%clk 0:10:34]} Rf4 {[%clk 0:16:32]} 0-1

[Event "Hastings Masters"]
[Site "Hastings, England"]
[Date "2015.01.01"
[Round "4.14"]
[White "Ashton, Adam G"]
[WhiteElo "2398"]
[Black "Rolvag, Mikael"]
[BlackElo "2191"]
[Result "1-0"]

1. e4 {[%clk 1:40:53]} c5 {[%clk 1:40:49]} 2. Nf3 {[%clk 1:35:25]} Nc6
{[%clk 1:41:14]} 3. Bb5 {[%clk 1:31:37]} Nf6 {[%clk 1:41:36]} 4. Nc3
{[%clk 1:31:26]} g6 {[%clk 1:40:43]} 5. e5 {[%clk 1:31:28]} Ng4 {[%clk 1:40:19]}
6. Bxc6 {[%clk 1:31:41]} dxc6 {[%clk 1:40:19]} 7. h3 {[%clk 1:32:03]} Nh6
{[%clk 1:40:42]} 8. g4 {[%clk 1:32:19]} Bg7 {[%clk 1:36:30]} 9. d3
{[%clk 1:31:43]} f5 {[%clk 1:35:54]} 10. g5 {[%clk 1:29:32]} Nf7 {[%clk 1:35:17]}
11. Qe2 {[%clk 1:22:22]} Be6 {[%clk 1:32:39]} 12. Bf4 {[%clk 1:21:03]} Qa5
{[%clk 1:25:43]} 13. Bd2 {[%clk 1:13:26]} Qc7 {[%clk 1:11:20]} 14. O-O-O
{[%clk 1:12:10]} Nd8 {[%clk 0:49:22]} 15. d4 {[%clk 1:04:40]} c4 {[%clk 0:47:01]}
16. h4 {[%clk 0:51:53]} Qd7 {[%clk 0:40:06]} 17. h5 {[%clk 0:46:48]} Rg8
{[%clk 0:36:13]} 18. hxg6 {[%clk 0:36:46]} hxg6 {[%clk 0:36:29]} 19. Nh4
{[%clk 0:33:56]} Bf7 {[%clk 0:36:22]} 20. Be3 {[%clk 0:32:05]} b5
{[%clk 0:35:34]} 21. f4 {[%clk 0:29:05]} Bf8 {[%clk 0:33:59]} 22. Bf2
{[%clk 0:24:56]} Ne6 {[%clk 0:30:53]} 23. Rhe1 {[%clk 0:21:10]} Nc7
{[%clk 0:23:33]} 24. Nf3 {[%clk 0:21:05]} e6 {[%clk 0:20:40]} 25. a3
{[%clk 0:16:46]} Nd5 {[%clk 0:20:09]} 26. Nxd5 {[%clk 0:16:33]} cxd5
{[%clk 0:20:30]} 27. Rh1 {[%clk 0:16:01]} b4 {[%clk 0:19:22]} 28. axb4
{[%clk 0:15:27]} Bxb4 {[%clk 0:19:46]} 29. Be1 {[%clk 0:14:40]} a5
{[%clk 0:19:00]} 30. Qe3 {[%clk 0:07:29]} Qa4 {[%clk 0:15:08]} 31. Bxb4
{[%clk 0:06:24]} axb4 {[%clk 0:15:27]} 32. Kd2 {[%clk 0:06:46]} Ke7
{[%clk 0:13:13]} 33. b3 {[%clk 0:05:23]} Qa2 {[%clk 0:11:28]} 34. bxc4
{[%clk 0:05:13]} Ra3 {[%clk 0:11:24]} 35. Ra1 {[%clk 0:04:20]} Rxe3
{[%clk 0:10:59]} 36. Rxa2 {[%clk 0:04:49]} Rxf3 {[%clk 0:11:22]} 37. Ra7+
{[%clk 0:05:12]} Kf8 {[%clk 0:04:59]} 38. Rh7 {[%clk 0:05:37]} Rg7
{[%clk 0:04:32]} 39. Ra8+ {[%clk 0:05:34]} Be8 {[%clk 0:04:55]} 40. Rxg7
{[%clk 0:01:53]} Kxg7 {[%clk 0:05:18]} 41. Rxe8 {[%clk 0:02:13]} Kf7
{[%clk 0:42:32]} 42. Rb8 {[%clk 0:51:52]} Rxf4 {[%clk 0:42:01]} 43. Ke3
{[%clk 0:49:01]} Re4+ {[%clk 0:38:04]} 44. Kd3 {[%clk 0:49:19]} dxc4+
{[%clk 0:38:29]} 45. Kxc4 {[%clk 0:49:42]} Re2 {[%clk 0:38:55]} 46. Rb7+
{[%clk 0:46:53]} Kf8 {[%clk 0:39:05]} 47. Kc5 {[%clk 0:44:13]} Rxc2+
{[%clk 0:37:26]} 48. Kd6 {[%clk 0:44:22]} Rc4 {[%clk 0:37:52]} 49. Rb8+
{[%clk 0:42:11]} Kf7 {[%clk 0:37:56]} 50. d5 {[%clk 0:39:37]} 1-0

[Event "Hastings Masters"]
[Site "Hastings, England"]
[Date "2015.01.01"
[Round "4.15"]
[White "Jackson, James P"]
[WhiteElo "2356"]
[Black "Reinwald, Patrick"]
[BlackElo "2144"]
[Result "1/2-1/2"]

1. e4 {[%clk 1:40:57]} e5 {[%clk 1:40:24]} 2. Nf3 {[%clk 1:41:23]} Nc6
{[%clk 1:40:46]} 3. Bb5 {[%clk 1:41:50]} a6 {[%clk 1:41:11]} 4. Ba4
{[%clk 1:42:15]} Nf6 {[%clk 1:41:35]} 5. O-O {[%clk 1:42:40]} b5 {[%clk 1:42:01]}
6. Bb3 {[%clk 1:43:07]} Bc5 {[%clk 1:42:25]} 7. c3 {[%clk 1:43:33]} d6
{[%clk 1:42:50]} 8. d4 {[%clk 1:44:00]} Bb6 {[%clk 1:43:15]} 9. a4
{[%clk 1:44:25]} Rb8 {[%clk 1:43:38]} 10. a5 {[%clk 1:44:51]} Ba7
{[%clk 1:43:28]} 11. h3 {[%clk 1:44:58]} O-O {[%clk 1:40:59]} 12. Be3
{[%clk 1:45:23]} Ra8 {[%clk 1:39:44]} 13. Nbd2 {[%clk 1:45:27]} Bb7
{[%clk 1:39:08]} 14. Re1 {[%clk 1:42:16]} Re8 {[%clk 1:37:46]} 15. Qb1
{[%clk 1:42:09]} h6 {[%clk 1:36:28]} 16. Qa2 {[%clk 1:38:27]} Qd7
{[%clk 1:30:50]} 17. d5 {[%clk 1:21:08]} Ne7 {[%clk 1:30:55]} 18. Bxa7
{[%clk 1:21:32]} Rxa7 {[%clk 1:31:20]} 19. c4 {[%clk 1:21:56]} c6
{[%clk 1:28:26]} 20. dxc6 {[%clk 1:17:24]} Nxc6 {[%clk 1:28:40]} 21. Qa3
{[%clk 1:06:30]} Qe7 {[%clk 1:13:54]} 22. Nf1 {[%clk 1:04:02]} Nd7
{[%clk 1:10:27]} 23. Ne3 {[%clk 1:03:14]} b4 {[%clk 1:02:38]} 24. Qa2
{[%clk 1:03:29]} Nd4 {[%clk 1:02:55]} 25. Nxd4 {[%clk 1:02:25]} exd4
{[%clk 1:01:34]} 26. Nf5 {[%clk 1:02:51]} Qf6 {[%clk 1:01:34]} 27. Ba4
{[%clk 1:00:56]} Bxe4 {[%clk 1:01:07]} 28. Ng3 {[%clk 1:01:15]} Qf4
{[%clk 0:58:28]} 29. Rad1 {[%clk 0:58:38]} d3 {[%clk 0:55:01]} 30. Bxd7
{[%clk 0:34:21]} Rxd7 {[%clk 0:55:17]} 31. Rxd3 {[%clk 0:34:47]} Bxd3
{[%clk 0:51:34]} 32. Rxe8+ {[%clk 0:35:12]} Kh7 {[%clk 0:51:58]} 33. b3
{[%clk 0:30:30]} d5 {[%clk 0:46:42]} 34. Qa4 {[%clk 0:30:12]} Rc7
{[%clk 0:46:34]} 35. Qxb4 {[%clk 0:28:46]} dxc4 {[%clk 0:46:46]} 36. bxc4
{[%clk 0:18:41]} Rxc4 {[%clk 0:46:00]} 37. Qb6 {[%clk 0:17:29]} Qd4
{[%clk 0:39:47]} 38. Rd8 {[%clk 0:15:43]} Rc1+ {[%clk 0:26:20]} 39. Kh2
{[%clk 0:14:26]} Qc3 {[%clk 0:26:43]} 40. Qd6 {[%clk 0:14:30]} Bc4
{[%clk 0:26:18]} 41. Nh5 {[%clk 0:08:47]} Qa1 {[%clk 0:23:03]} 42. Kg3
{[%clk 0:35:51]} Qc3+ {[%clk 1:11:34]} 43. Kh2 {[%clk 0:36:16]} Qa1
{[%clk 1:11:53]} 44. Kg3 1/2-1/2

[Event "Hastings Masters"]
[Site "Hastings, England"]
[Date "2015.01.01"
[Round "4.16"]
[White "Mannion, Stephen R"]
[WhiteElo "2345"]
[Black "Burrows, Martin P"]
[BlackElo "2128"]
[Result "1-0"]

1. e4 c5 2. Nf3 d6 3. d4 cxd4 4. Nxd4 Nf6 5. Nc3 a6 6. f4 Qc7 7. Be2 g6 8. O-O
Bg7 9. Kh1 Nbd7 10. Bf3 O-O 11. Nde2 Nb6 12. Qe1 Bd7 13. Qg3 Rac8 14. Re1 Na4 15.
e5 dxe5 16. fxe5 Ne8 17. Nd5 Qd8 18. Qh4 f6 19. Qb4 Nc5 20. Be3 a5 21. Qb6 Ne6
22. Rad1 Kf7 23. exf6 exf6 24. Nef4 Nxf4 25. Bxf4 Bc6 26. Qb3 a4 27. Qa3 Qa5 28.
Qe7+ Kg8 29. Qe6+ 1-0

[Event "Hastings Masters"]
[Site "Hastings, England"]
[Date "2015.01.01"
[Round "4.17"]
[White "Mann, Johannes"]
[WhiteElo "2080"]
[Black "Bellin, Robert"]
[BlackElo "2338"]
[Result "0-1"]

1. d4 {[%clk 1:40:57]} e6 {[%clk 1:40:15]} 2. c4 {[%clk 1:41:14]} f5
{[%clk 1:40:18]} 3. g3 {[%clk 1:41:34]} Nf6 {[%clk 1:40:40]} 4. Bg2
{[%clk 1:41:51]} Be7 {[%clk 1:40:25]} 5. Nf3 {[%clk 1:42:10]} O-O
{[%clk 1:40:46]} 6. O-O {[%clk 1:42:33]} Ne4 {[%clk 1:38:51]} 7. Nc3
{[%clk 1:41:47]} Nxc3 {[%clk 1:27:46]} 8. bxc3 {[%clk 1:42:10]} Nc6
{[%clk 1:28:03]} 9. Re1 {[%clk 1:39:55]} Na5 {[%clk 1:27:27]} 10. c5
{[%clk 1:35:52]} b6 {[%clk 1:25:06]} 11. Ne5 {[%clk 1:32:00]} Rb8
{[%clk 1:24:28]} 12. cxb6 {[%clk 1:20:31]} axb6 {[%clk 1:24:12]} 13. e4
{[%clk 1:19:51]} Bb7 {[%clk 1:17:40]} 14. exf5 {[%clk 1:14:58]} Bxg2
{[%clk 1:17:41]} 15. Kxg2 {[%clk 1:14:29]} Rxf5 {[%clk 1:16:11]} 16. Qa4
{[%clk 1:12:36]} c6 {[%clk 1:15:38]} 17. Ba3 {[%clk 1:11:47]} Bxa3
{[%clk 0:57:08]} 18. Qxa3 {[%clk 1:11:57]} d6 {[%clk 0:57:20]} 19. Ng4
{[%clk 1:02:26]} Qf8 {[%clk 0:36:17]} 20. f4 {[%clk 0:58:17]} Rb5
{[%clk 0:35:52]} 21. Ne3 {[%clk 0:45:58]} d5 {[%clk 0:33:15]} 22. Qxf8+
{[%clk 0:41:57]} Kxf8 {[%clk 0:32:40]} 23. Rab1 {[%clk 0:41:53]} Rxb1
{[%clk 0:31:30]} 24. Rxb1 {[%clk 0:41:48]} Ke7 {[%clk 0:29:07]} 25. Kf3
{[%clk 0:40:48]} Kd7 {[%clk 0:28:56]} 26. Ke2 {[%clk 0:40:07]} Kc7
{[%clk 0:29:06]} 27. Kd3 {[%clk 0:39:43]} Ra8 {[%clk 0:29:24]} 28. Rb2
{[%clk 0:39:13]} Nb7 {[%clk 0:29:30]} 29. Ng4 {[%clk 0:36:05]} Nd6
{[%clk 0:28:59]} 30. Re2 {[%clk 0:30:13]} h5 {[%clk 0:27:35]} 31. Ne5
{[%clk 0:25:34]} Ra3 {[%clk 0:27:10]} 32. Nf3 {[%clk 0:24:19]} Nb5
{[%clk 0:16:57]} 33. Rc2 {[%clk 0:23:40]} c5 {[%clk 0:17:19]} 34. Kd2
{[%clk 0:21:04]} Nd6 {[%clk 0:07:56]} 35. Ng5 {[%clk 0:19:38]} Kd7
{[%clk 0:06:18]} 36. Kd3 {[%clk 0:17:51]} Nf5 {[%clk 0:03:26]} 37. Nf3
{[%clk 0:16:00]} Nd6 {[%clk 0:03:41]} 38. Ng5 {[%clk 0:15:55]} Nb5
{[%clk 0:03:17]} 39. Nf3 {[%clk 0:15:28]} Kd6 {[%clk 0:03:40]} 40. Kd2
{[%clk 0:15:26]} c4 {[%clk 0:00:48]} 41. Ne5 {[%clk 0:11:08]} Kc7
{[%clk 0:48:23]} 42. Nf3 {[%clk 0:56:32]} Nd6 {[%clk 0:46:22]} 43. Ng5
{[%clk 0:55:57]} Kd7 {[%clk 0:46:46]} 44. Kc1 {[%clk 0:52:03]} b5
{[%clk 0:46:52]} 45. Kb2 {[%clk 0:52:11]} b4 {[%clk 0:44:53]} 46. cxb4
{[%clk 0:41:00]} Nb5 {[%clk 0:45:15]} 47. Nf7 {[%clk 0:39:15]} c3+
{[%clk 0:45:23]} 48. Rxc3 {[%clk 0:25:24]} Rxc3 {[%clk 0:45:48]} 49. a4
{[%clk 0:25:46]} Re3 {[%clk 0:46:08]} 50. axb5 {[%clk 0:26:04]} Re2+
{[%clk 0:46:20]} 51. Kb3 {[%clk 0:26:02]} Rxh2 {[%clk 0:46:43]} 52. Ka4
{[%clk 0:26:16]} Ra2+ {[%clk 0:47:05]} 53. Kb3 {[%clk 0:26:43]} Rg2
{[%clk 0:47:27]} 54. Ka4 {[%clk 0:26:58]} Kc7 {[%clk 0:46:45]} 55. Ng5
{[%clk 0:27:03]} Rxg3 {[%clk 0:46:58]} 56. Nxe6+ Kb6 {[%clk 0:46:55]} 57. Nc5
{[%clk 0:26:54]} h4 {[%clk 0:40:37]} 58. Nd7+ {[%clk 0:26:17]} Kc7
{[%clk 0:40:53]} 59. Nc5 {[%clk 0:26:37]} h3 {[%clk 0:40:51]} 60. Ka5
{[%clk 0:26:56]} Ra3+ {[%clk 0:41:14]} 61. Na4 {[%clk 0:27:22]} Rxa4+
{[%clk 0:40:59]} 62. Kxa4 {[%clk 0:27:49]} Kb6 {[%clk 0:41:16]} 0-1

[Event "Hastings Masters"]
[Site "Hastings, England"]
[Date "2015.01.01"
[Round "4.18"]
[White "Kirk, Ezra"]
[WhiteElo "2308"]
[Black "Low, Zhen Yu Cyrus"]
[BlackElo "2028"]
[Result "1-0"]

1. d4 Nf6 2. c4 g6 3. Nc3 d5 4. cxd5 Nxd5 5. e4 Nxc3 6. bxc3 Bg7 7. Be3 c5 8. Qd2
cxd4 9. cxd4 Nc6 10. Rd1 O-O 11. Nf3 Bg4 12. Be2 Rc8 13. O-O Qa5 14. Qxa5 Nxa5
15. Rc1 Nc6 16. d5 Bxf3 17. Bxf3 Nd4 18. Rfd1 b6 19. Bg4 f5 20. Rxc8 Rxc8 21.
Bxd4 fxg4 22. e5 Kf8 23. h3 gxh3 24. gxh3 Rc2 25. a3 Re2 26. Kg2 Re4 27. f3 Re2+
28. Kf1 Rc2 29. Rd3 Rc4 30. Kf2 Ke8 31. Ke3 Kd8 32. Ke4 Kd7 33. f4 Kd8 34. f5 Rc1
35. f6 exf6 36. exf6 Bf8 37. Be3 Rf1 38. d6 Kd7 39. Bf4 Re1+ 40. Kd5 Re6 41. Rc3
Rxf6 42. Rc7+ Ke8 43. Be5 Rf5 44. Ke6 Kd8 45. Rxa7 Bxd6 46. Bxd6 Kc8 47. Rc7+ Kd8
48. Rb7 1-0

[Event "Hastings Masters"]
[Site "Hastings, England"]
[Date "2015.01.01"
[Round "4.19"]
[White "Baterdene, Tsogbayar"]
[WhiteElo "1981"]
[Black "Olsarova, Tereza"]
[BlackElo "2302"]
[Result "0-1"]

1. e4 {[%clk 1:40:40]} e5 {[%clk 1:40:38]} 2. Nf3 {[%clk 1:40:59]} Nc6
{[%clk 1:41:03]} 3. Bb5 {[%clk 1:41:06]} a6 {[%clk 1:41:27]} 4. Ba4
{[%clk 1:41:19]} Nf6 {[%clk 1:41:40]} 5. d3 {[%clk 1:40:34]} b5 {[%clk 1:41:23]}
6. Bb3 {[%clk 1:40:59]} Be7 {[%clk 1:41:02]} 7. O-O {[%clk 1:39:24]} d6
{[%clk 1:40:48]} 8. c3 {[%clk 1:38:00]} O-O {[%clk 1:41:05]} 9. h3
{[%clk 1:37:31]} Na5 {[%clk 1:40:57]} 10. Bc2 {[%clk 1:37:29]} c5
{[%clk 1:41:19]} 11. Nbd2 {[%clk 1:35:18]} Nc6 {[%clk 1:41:36]} 12. d4
{[%clk 1:32:20]} Qc7 {[%clk 1:41:49]} 13. Re1 {[%clk 1:32:02]} Ne8
{[%clk 1:40:49]} 14. a4 {[%clk 1:28:45]} Bb7 {[%clk 1:35:07]} 15. d5
{[%clk 1:27:29]} Nd8 {[%clk 1:35:10]} 16. c4 {[%clk 1:27:36]} b4 {[%clk 1:29:09]}
17. b3 {[%clk 1:27:43]} g6 {[%clk 1:29:18]} 18. g4 {[%clk 1:17:54]} Bc8
{[%clk 1:29:10]} 19. Nf1 {[%clk 1:16:17]} Ng7 {[%clk 1:23:48]} 20. Bh6
{[%clk 1:11:32]} f6 {[%clk 1:23:33]} 21. Ng3 {[%clk 1:10:02]} Nf7
{[%clk 1:23:12]} 22. Be3 {[%clk 1:01:58]} Qd7 {[%clk 1:20:56]} 23. Kg2
{[%clk 0:58:36]} h5 {[%clk 1:17:46]} 24. Nh2 {[%clk 0:54:13]} h4 25. Ngf1
{[%clk 0:53:37]} Qe8 {[%clk 1:08:27]} 26. Qd2 {[%clk 0:47:48]} Ra7
{[%clk 1:02:20]} 27. Re2 {[%clk 0:46:40]} Nh8 {[%clk 0:59:39]} 28. f3
{[%clk 0:41:50]} f5 {[%clk 0:58:35]} 29. Bg5 {[%clk 0:40:45]} Qd8 30. Bxe7
{[%clk 0:39:15]} Qxe7 {[%clk 0:52:21]} 31. Ne3 {[%clk 0:37:46]} Nf7
{[%clk 0:49:32]} 32. Rf2 {[%clk 0:34:33]} Ng5 {[%clk 0:48:49]} 33. Bd3
{[%clk 0:34:13]} Qf6 {[%clk 0:46:57]} 34. Ra2 {[%clk 0:32:12]} Raf7
{[%clk 0:46:43]} 35. Nd1 {[%clk 0:32:01]} Qe7 {[%clk 0:46:15]} 36. Qe3
{[%clk 0:32:11]} fxg4 {[%clk 0:34:32]} 37. fxg4 {[%clk 0:31:16]} Rf4
{[%clk 0:34:45]} 38. Rae2 {[%clk 0:29:00]} Ne8 {[%clk 0:34:36]} 39. Re1
{[%clk 0:25:44]} Nf6 40. Ref1 {[%clk 0:22:32]} Nh5 {[%clk 0:16:28]} 41. Kg1
{[%clk 0:16:25]} Ng3 {[%clk 0:14:38]} 42. Rxf4 {[%clk 0:16:16]} Nxh3+
{[%clk 0:09:44]} 43. Kg2 {[%clk 0:16:24]} Nxf4+ {[%clk 0:05:31]} 44. Rxf4
{[%clk 0:16:30]} Rxf4 {[%clk 0:04:46]} 45. Nf2 {[%clk 0:16:49]} Kg7
{[%clk 0:50:08]} 46. Bc2 {[%clk 1:05:23]} Qf7 {[%clk 0:48:46]} 47. Bd1
{[%clk 1:05:07]} Rxf2+ {[%clk 0:47:02]} 48. Qxf2 {[%clk 1:05:30]} Qxf2+
{[%clk 0:47:21]} 49. Kxf2 {[%clk 1:05:54]} Nxe4+ {[%clk 0:47:45]} 50. Ke3
{[%clk 1:06:05]} Nf6 {[%clk 0:45:27]} 51. Kf3 {[%clk 1:04:09]} Kh6
{[%clk 0:45:01]} 52. Kg2 {[%clk 1:04:07]} e4 {[%clk 0:44:28]} 53. Kh3
{[%clk 1:04:08]} Kg5 {[%clk 0:44:46]} 54. Be2 {[%clk 1:04:20]} Nh5
{[%clk 0:43:56]} 0-1

[Event "Hastings Masters"]
[Site "Hastings, England"]
[Date "2015.01.01"
[Round "4.20"]
[White "Constantinou, Peter"]
[WhiteElo "2276"]
[Black "Othman, Mustapha"]
[BlackElo "1973"]
[Result "1-0"]

1. d4 {[%clk 1:40:55]} d5 {[%clk 1:40:18]} 2. Nf3 {[%clk 1:41:03]} Nf6
{[%clk 1:40:41]} 3. c4 {[%clk 1:41:08]} e6 {[%clk 1:40:58]} 4. g3
{[%clk 1:39:29]} Bb4+ {[%clk 1:39:13]} 5. Bd2 {[%clk 1:39:14]} Bxd2+
{[%clk 1:38:08]} 6. Nbxd2 {[%clk 1:38:26]} O-O {[%clk 1:37:24]} 7. Bg2
{[%clk 1:38:37]} c5 {[%clk 1:25:19]} 8. dxc5 {[%clk 1:36:26]} Na6
{[%clk 1:25:37]} 9. O-O {[%clk 1:34:55]} Nxc5 {[%clk 1:25:26]} 10. b4
{[%clk 1:33:23]} Nce4 {[%clk 1:13:16]} 11. Nxe4 {[%clk 1:32:06]} Nxe4
{[%clk 1:13:37]} 12. Qd4 {[%clk 1:29:43]} Qb6 {[%clk 0:55:50]} 13. cxd5
{[%clk 1:20:27]} Qxd4 {[%clk 0:50:00]} 14. Nxd4 {[%clk 1:20:46]} exd5
{[%clk 0:50:28]} 15. Rfc1 {[%clk 1:17:48]} Rd8 {[%clk 0:36:55]} 16. Rc7
{[%clk 1:11:16]} Rb8 {[%clk 0:32:49]} 17. Rac1 {[%clk 1:06:31]} Bd7
{[%clk 0:30:10]} 18. Nb3 {[%clk 0:55:14]} Bc6 {[%clk 0:25:45]} 19. Na5
{[%clk 0:51:57]} Rbc8 {[%clk 0:21:57]} 20. Rxc8 {[%clk 0:50:36]} Rxc8
{[%clk 0:22:17]} 21. Bh3 {[%clk 0:50:45]} Rb8 {[%clk 0:16:22]} 22. Nxc6
{[%clk 0:49:51]} bxc6 {[%clk 0:16:47]} 23. Rxc6 {[%clk 0:49:34]} Kf8
{[%clk 0:17:05]} 24. a3 {[%clk 0:49:04]} Nd2 {[%clk 0:15:03]} 25. Ra6
{[%clk 0:44:27]} Rb7 {[%clk 0:14:49]} 26. Bg2 {[%clk 0:43:48]} Rd7
{[%clk 0:14:23]} 27. e3 {[%clk 0:42:08]} Ke7 {[%clk 0:07:57]} 28. f4
{[%clk 0:40:25]} Kd8 {[%clk 0:07:49]} 29. Kf2 {[%clk 0:40:29]} Nc4
{[%clk 0:06:48]} 30. Bf1 {[%clk 0:38:37]} Nb6 {[%clk 0:07:02]} 31. Bd3
{[%clk 0:36:37]} h6 {[%clk 0:07:00]} 32. Ra5 {[%clk 0:29:48]} Rc7
{[%clk 0:06:54]} 33. Ke2 {[%clk 0:29:54]} Kd7 {[%clk 0:07:05]} 34. Rc5
{[%clk 0:22:50]} Rxc5 {[%clk 0:04:17]} 35. bxc5 {[%clk 0:23:12]} Nc4
{[%clk 0:04:44]} 36. e4 {[%clk 0:23:13]} Na5 {[%clk 0:01:18]} 37. exd5
{[%clk 0:22:11]} Nb3 {[%clk 0:01:47]} 38. c6+ {[%clk 0:22:03]} Kd6
{[%clk 0:02:11]} 39. Be4 {[%clk 0:19:45]} Nc5 {[%clk 0:01:25]} 40. Bf3
{[%clk 0:19:06]} Na6 {[%clk 0:01:40]} 41. Kd3 {[%clk 0:18:08]} Nc7
{[%clk 0:01:55]} 42. h4 {[%clk 0:13:47]} f5 {[%clk 0:42:58]} 43. h5
{[%clk 1:01:22]} Ne8 {[%clk 0:34:20]} 44. Kd4 {[%clk 1:00:46]} Nc7
{[%clk 0:34:10]} 45. Bg2 {[%clk 0:55:10]} Nb5+ {[%clk 0:29:54]} 46. Kc4
{[%clk 0:55:04]} Nc7 {[%clk 0:20:54]} 47. a4 {[%clk 0:51:45]} Ne8
{[%clk 0:21:09]} 48. Bh3 {[%clk 0:45:07]} Nc7 {[%clk 0:21:28]} 49. Bxf5
{[%clk 0:44:15]} Nxd5 {[%clk 0:21:50]} 50. Be4 {[%clk 0:43:47]} Nc7
{[%clk 0:16:46]} 51. Bf3 {[%clk 0:40:05]} Ne8 {[%clk 0:15:05]} 52. Kd4
{[%clk 0:36:33]} Nf6 {[%clk 0:11:17]} 53. g4 {[%clk 0:36:02]} Ne8
{[%clk 0:07:29]} 54. g5 {[%clk 0:34:56]} Nc7 {[%clk 0:06:47]} 55. Ke4
{[%clk 0:30:48]} Kxc6 {[%clk 0:02:05]} 56. Kf5+ {[%clk 0:31:02]} Kd6
{[%clk 0:02:11]} 57. Kg6 {[%clk 0:30:59]} Ne6 {[%clk 0:02:11]} 58. gxh6
{[%clk 0:31:00]} gxh6 {[%clk 0:02:05]} 59. f5 {[%clk 0:31:00]} Nd4
{[%clk 0:01:23]} 60. Bd1 {[%clk 0:30:15]} Ke7 {[%clk 0:01:19]} 61. f6+
{[%clk 0:27:50]} Kf8 {[%clk 0:01:22]} 62. Bg4 {[%clk 0:26:30]} a5
{[%clk 0:01:07]} 63. Kxh6 {[%clk 0:26:15]} Kf7 {[%clk 0:08:44]} 64. Kg5
{[%clk 0:41:12]} Nc6 {[%clk 0:06:08]} 65. h6 {[%clk 0:41:01]} Kg8
{[%clk 0:06:11]} 66. Be6+ {[%clk 0:41:14]} Kh7 {[%clk 0:06:28]} 67. f7
{[%clk 0:41:05]} Nd8 {[%clk 0:05:18]} 68. Bf5+ {[%clk 0:41:27]} 1-0